| 000 | 01869nam a2200373 c 4500 | ||
|---|---|---|---|
| 003 | BLK | ||
| 005 | 20250623174721.0 | ||
| 008 | 180408b bul|||||r ||||||| ||bul|| | ||
| 010 | _aKNG00083646000 | ||
| 020 |
_a84-9819-481-4 _bиздат.: Mediasat Group, S. A. - (многотомно) |
||
| 020 |
_a84-9819-491-1 _bиздат.: Mediasat Group, S. A. - на том(т. 10) |
||
| 040 | _aBLK | ||
| 041 |
_aBUL _cBUL |
||
| 080 |
_aОбщи енциклопедии. Енциклопедични речници. Научни справочници. Отраслови енциклопедии и справочници се класират в съответните отдели с определител за форма _b03 _x _z03 |
||
| 700 | 1 |
_aБлагова, Дора _eпрев. _9291295 |
|
| 139 |
_aИлюстрована семейна енциклопедия _bИ 58 |
||
| 245 | 1 | 0 |
_aИлюстрована семейна енциклопедия _bТ. 1 - За том: Океани - жива природа до Плъхове и други гризачи _cпрев. Дора Благова. _nТ. 10 _pО - П |
| 257 | _aGBR | ||
| 260 |
_аСофия _c2006 - |
||
| 300 | _c28 см | ||
| 380 | _aDN | ||
| 500 | _aОриг. загл. DK Illustrated Family Encyclopedia. - Прил. на в. Седмичен труд | ||
| 650 | 4 |
_aЕнциклопедии, детски _9154962 |
|
| 653 | _aенциклопедии | ||
| 653 | _aдетска литература | ||
| 653 | _aлитература за деца | ||
| 760 | 1 |
_3- (многотомно) _dMediasat Group, S. A., 2006 _hс. 560-622 : с цв. ил. _tТ. 10 О - П |
|
| 852 | _aЦб ІІ 13897 | ||
| 856 | 4 |
_qpdf _u |
|
| 856 | 4 |
_qpdf _u |
|
| 942 |
_cKNG _n0 _03 |
||
| 944 |
_aCR _c09.05.2008 _lБояна Костадинова _k30551 |
||
| 944 |
_aED _c23.10.2012 _lф / _k |
||
| 999 |
_c79173 _d79173 |
||